Ley de la renta: leyes complementarias y franquicias tributarias

Na minha lista:
Detalhes bibliográficos
Main Authors: Gallardo Burgos, Eduardo (Author), Díaz Verdugo, Luis (Author)
Formato: Livro
Idioma:espanhol
Publicado em: Concepción Escuela Tipográfica Salesiana 1969
Assuntos:
Tags: Adicionar Tag
Sem tags, seja o primeiro a adicionar uma tag!

MARC

LEADER 00000nam a2200000 a 4500
001 UCS0738
003 CL-VaPUC
008 970426e19690000CL |||||||||||||||||spa|d
082 0 4 |a 343.052  |b GAL  |2 21 
100 |a Gallardo Burgos, Eduardo  |e author  |9 766941 
700 0 |a Díaz Verdugo, Luis  |e author  |9 384572 
245 1 0 |a Ley de la renta: leyes complementarias y franquicias tributarias 
300 |a 269 p 
942 |c BK 
945 |d 19970426 00:00:00  |a lriquelm 
260 |a Concepción  |b Escuela Tipográfica Salesiana  |c 1969 
650 7 |a RENTAS  |2 CL-VaPUC  |9 324806 
650 7 |a LEGISLACION  |2 CL-VaPUC  |9 384573 
650 0 |a Derecho tributario  |9 258895 
650 0 |a Impuesto a la renta  |9 258171 
583 |a last modification  |c 19970426 00:00:00  |k Rodrigo Vera 
999 |c 258953  |d 258951 
952 |0 0  |1 0  |4 0  |6 343_052000000000000_GAL_1969  |7 0  |8 A  |9 283386  |a BIBDER  |b BIBDER  |d 2019-11-19  |i 1835629  |o 343.052 GAL 1969  |p 1835629  |r 2023-01-25  |w 2019-11-19  |y BK  |k DER